[Event "Winnipeg Manitoba-ch U20"]
[Site "Winnipeg"]
[Date "2018.10.28"]
[Round "3.3"]
[White "Russo, Max"]
[Black "Myrzaibraimova, Aibike"]
[Result "1-0"]
[WhiteElo "1574"]
[BlackElo "1450"]
[PlyCount "81"]
[EventDate "2018.10.27"]
[EventType "swiss"]
[EventRounds "4"]
[EventCountry "CAN"]
[SourceTitle "EXT 2022"]
[Source "ChessBase"]
[SourceDate "2021.10.06"]
[SourceVersion "1"]
[SourceVersionDate "2021.10.06"]
[SourceQuality "1"]

1. d4 d5 2. Nf3 Nc6 3. c4 e6 4. a3 Nf6 5. Nc3 Be7 6. Bf4 Ne4 7. Qc2 Nxc3 8. Qxc3 0-0 9. e3 Bf6 10. Bd3 Ne7 11. Qc2 Ng6 12. Bxg6 fxg6 13. cxd5 exd5 14. Bxc7 Bf5 15. Bxd8 Bxc2 16. Bxf6 gxf6 17. 0-0 g5 18. Rfc1 Be4 19. Nd2 Rfd8 20. Nxe4 dxe4 21. Rc7 b6 22. Rac1 f5 23. g3 a5 24. Rb7 Rab8 25. Rxb8 Rxb8 26. Rc7 Rd8 27. Kf1 f4 28. gxf4 gxf4 29. Ke2 fxe3 30. fxe3 Rd5 31. Kd1 Rh5 32. Rc2 Rg5 33. Re2 Rg1+ 34. Kc2 a4 35. Kc3 b5 36. d5 Kf7 37. Kd4 Ke7 38. Kxe4 Kd6 39. Rf2 Rg5 40. Rf6+ Kc5 41. Rc6# 1-0

[Event "Winnipeg TNT February op"]
[Site "Winnipeg"]
[Date "2016.02.16"]
[Round "3.4"]
[White "Russo, Max"]
[Black "Letain, Cory"]
[Result "0-1"]
[WhiteElo "1479"]
[BlackElo "1583"]
[PlyCount "102"]
[EventDate "2016.02.02"]
[EventType "swiss"]
[EventRounds "4"]
[EventCountry "CAN"]
[SourceTitle "EXT 2022"]
[Source "ChessBase"]
[SourceDate "2021.10.06"]
[SourceVersion "1"]
[SourceVersionDate "2021.10.06"]
[SourceQuality "1"]

1. d4 Nf6 2. Nf3 d6 3. e3 Bg4 4. Be2 Nbd7 5. 0-0 g6 6. b3 Bg7 7. Bb2 0-0 8. Nbd2 Re8 9. Ng5 Bxe2 10. Qxe2 e5 11. dxe5 Nxe5 12. Nge4 Nxe4 13. Nxe4 Nf3+ 14. Qxf3 Bxb2 15. c3 f5 16. Ng3 Bxa1 17. Rxa1 c6 18. Rd1 Qc7 19. Rd4 d5 20. h3 Qa5 21. Nxf5 Rf8 22. Ne7+ Kg7 23. Qg3 Rf6 24. Qe5 Raf8 25. Rh4 Qxa2 26. g4 Qxf2+ 27. Kh1 Qxh4 28. g5 Qxh3+ 29. Kg1 Qf1+ 30. Kh2 Qf2+ 31. Kh1 Qh4+ 32. Kg1 Qxg5+ 33. Qxg5 Rf1+ 34. Kh2 R8f2+ 35. Kg3 Rg1+ 36. Kxf2 Rxg5 37. Nc8 h5 38. Nd6 h4 39. e4 h3 40. exd5 cxd5 41. c4 h2 42. cxd5 h1Q 43. Nxb7 Rf5+ 44. Ke3 Qe1+ 45. Kd4 Qb4+ 46. Kd3 Qxb7 47. d6 Qd5+ 48. Kc2 Qxd6 49. Kb2 Rf3 50. b4 Qd2+ 51. Kb1 Rf1# 0-1

[Event "Winnipeg Yanofsky Memorial U1800"]
[Site "Winnipeg"]
[Date "2015.08.15"]
[Round "3.5"]
[White "Minano, John"]
[Black "Russo, Max"]
[Result "1-0"]
[WhiteElo "1732"]
[BlackElo "1327"]
[PlyCount "69"]
[EventDate "2015.08.14"]
[EventType "swiss"]
[EventRounds "5"]
[EventCountry "CAN"]
[SourceTitle "EXT 2022"]
[Source "ChessBase"]
[SourceDate "2021.10.06"]
[SourceVersion "1"]
[SourceVersionDate "2021.10.06"]
[SourceQuality "1"]

1. e4 c5 2. Nf3 d6 3. d4 cxd4 4. Nxd4 Nf6 5. Nc3 g6 6. Be3 Bg7 7. f3 0-0 8. Bc4 Bd7 9. Bb3 Nc6 10. Qd2 Re8 11. 0-0-0 a6 12. h4 b5 13. h5 b4 14. hxg6 hxg6 15. Nce2 a5 16. Bh6 Bh8 17. g4 a4 18. Bd5 Qb6 19. Nxc6 Bxc6 20. Bxc6 Qxc6 21. Nd4 Qc4 22. Kb1 b3 23. a3 Rec8 24. c3 Qc7 25. Qh2 Qd7 26. Bf8 Kxf8 27. Qxh8+ Ng8 28. Rh7 Qa7 29. Qg7+ Ke8 30. Qxg8+ Kd7 31. Qxf7 Re8 32. e5 Qc7 33. e6+ Kd8 34. Qxe8+ Kxe8 35. Rh8# 1-0

[Event "Winnipeg Yanofsky Memorial U1800"]
[Site "Winnipeg"]
[Date "2015.08.15"]
[Round "2.5"]
[White "Russo, Max"]
[Black "Bonness, Will"]
[Result "1-0"]
[WhiteElo "1327"]
[BlackElo "1761"]
[PlyCount "91"]
[EventDate "2015.08.14"]
[EventType "swiss"]
[EventRounds "5"]
[EventCountry "CAN"]
[SourceTitle "EXT 2022"]
[Source "ChessBase"]
[SourceDate "2021.10.06"]
[SourceVersion "1"]
[SourceVersionDate "2021.10.06"]
[SourceQuality "1"]

1. d4 Nf6 2. Nf3 g6 3. e3 Bg7 4. b3 0-0 5. Bb2 d6 6. Bd3 c5 7. dxc5 dxc5 8. Nbd2 Nc6 9. a3 Qc7 10. c4 e5 11. Ne4 Nd7 12. Bc2 Rd8 13. h4 Nf8 14. Qb1 Ne6 15. h5 f5 16. Nc3 e4 17. Nh4 Nf8 18. Nd5 Qf7 19. hxg6 hxg6 20. Bxg7 Qxg7 21. g4 Ne5 22. gxf5 Nd3+ 23. Bxd3 Rxd5 24. cxd5 Qc3+ 25. Ke2 exd3+ 26. Qxd3 Qxd3+ 27. Kxd3 g5 28. Rhg1 Nh7 29. f4 g4 30. Rxg4+ Kf7 31. e4 Nf6 32. Rg6 Nxd5 33. exd5 Bxf5+ 34. Nxf5 Kxg6 35. Ne3 Kf6 36. Kc4 Re8 37. Re1 Rc8 38. b4 cxb4+ 39. Kxb4 b6 40. Kb5 Rc3 41. d6 Rd3 42. Kc6 Rc3+ 43. Kd7 Rxa3 44. Kd8 Kf7 45. d7 Rc3 46. Nd5 1-0

[Event "CAN-ch U10"]
[Site "Windsor"]
[Date "2015.07.09"]
[Round "6.97"]
[White "Bivol Mateo, Adrian"]
[Black "Russo, Max"]
[Result "0-1"]
[WhiteElo "1100"]
[BlackElo "1445"]
[PlyCount "74"]
[EventDate "2015.07.06"]
[EventType "swiss"]
[EventRounds "7"]
[EventCountry "CAN"]
[SourceTitle "EXT 2022"]
[Source "ChessBase"]
[SourceDate "2021.10.06"]
[SourceVersion "1"]
[SourceVersionDate "2021.10.06"]
[SourceQuality "1"]

1. e4 c5 2. Nf3 d6 3. d4 cxd4 4. Nxd4 Nf6 5. Nc3 g6 6. Be3 Bg7 7. f3 0-0 8. Qd2 Re8 9. 0-0-0 a6 10. h4 b5 11. Nb3 b4 12. Na4 a5 13. Nb6 a4 14. Nxa8 axb3 15. cxb3 Bb7 16. Nb6 Nc6 17. Bb5 Qc7 18. Nd5 Nxd5 19. exd5 Nd4+ 20. Bc4 Nf5 21. Bf2 Ra8 22. Kb1 Qa5 23. a3 bxa3 24. Qxa5 Rxa5 25. bxa3 Rxa3 26. b4 Ra4 27. Be1 Ne3 28. Kc1 Nxd1 29. Kxd1 Ra1+ 30. Ke2 Rc1 31. Bd3 Bxd5 32. b5 Bd4 33. Kd2 Ra1 34. Rf1 Ra2+ 35. Kc1 Rxg2 36. Be4 Bc4 37. f4 Bxf1 0-1

[Event "CAN-ch U10"]
[Site "Windsor"]
[Date "2015.07.08"]
[Round "5.94"]
[White "Russo, Max"]
[Black "Wu, Nicholas"]
[Result "0-1"]
[WhiteElo "1445"]
[BlackElo "1637"]
[PlyCount "120"]
[EventDate "2015.07.06"]
[EventType "swiss"]
[EventRounds "7"]
[EventCountry "CAN"]
[SourceTitle "EXT 2022"]
[Source "ChessBase"]
[SourceDate "2021.10.06"]
[SourceVersion "1"]
[SourceVersionDate "2021.10.06"]
[SourceQuality "1"]

1. e4 c5 2. Nf3 Nc6 3. d4 cxd4 4. Nxd4 e6 5. Nc3 Qc7 6. Bc4 a6 7. a4 Nf6 8. f4 Bb4 9. Nde2 Nxe4 10. 0-0 Nxc3 11. bxc3 Bc5+ 12. Kh1 d5 13. Bd3 Bd7 14. f5 e5 15. Qe1 0-0-0 16. Rb1 e4 17. Bxa6 bxa6 18. Bf4 Bd6 19. Bxd6 Qxd6 20. Qf2 Qc7 21. Rb2 Ne5 22. Rfb1 Bc6 23. Rb8+ Kd7 24. R8b4 Rb8 25. f6 g6 26. Nd4 Rxb4 27. Rxb4 Rb8 28. Nxc6 Nxc6 29. Rxb8 Qxb8 30. h3 Qe5 31. Qd2 e3 32. Qe1 e2 33. Kg1 Qe3+ 34. Kh1 Ne5 35. Kh2 Nc4 36. a5 Na3 37. c4 Nxc2 38. Qb1 Qe5+ 39. g3 Qxg3+ 40. Kxg3 e1Q+ 41. Qxe1 Nxe1 42. cxd5 Kd6 43. Kg4 h5+ 44. Kg5 Kxd5 45. Kh6 Ke6 46. Kg7 Nf3 47. Kf8 Kxf6 48. Ke8 Ke6 49. Kd8 Kd6 50. Kc8 Kc6 51. Kb8 f5 52. Ka7 Kb5 53. Kb7 Ne5 54. Ka7 f4 55. Kb7 f3 56. Ka7 f2 57. Kb7 f1Q 58. Ka7 Qf7+ 59. Kb8 Kc6 60. Ka8 Qb7# 0-1

[Event "CAN-ch U10"]
[Site "Windsor"]
[Date "2015.07.07"]
[Round "3.93"]
[White "Russo, Max"]
[Black "Doknjas, Neil"]
[Result "0-1"]
[WhiteElo "1445"]
[BlackElo "1789"]
[PlyCount "58"]
[EventDate "2015.07.06"]
[EventType "swiss"]
[EventRounds "7"]
[EventCountry "CAN"]
[SourceTitle "EXT 2022"]
[Source "ChessBase"]
[SourceDate "2021.10.06"]
[SourceVersion "1"]
[SourceVersionDate "2021.10.06"]
[SourceQuality "1"]

1. e4 e5 2. Nf3 Nf6 3. Nc3 Nc6 4. Bc4 Bc5 5. d3 h6 6. Be3 Bb6 7. Na4 Ba5+ 8. c3 a6 9. Qb3 0-0 10. Nc5 b6 11. Qa3 bxc5 12. Bd5 Nxd5 13. exd5 Nb4 14. cxb4 Bxb4+ 15. Qxb4 cxb4 16. Nxe5 Re8 17. Nf3 Bb7 18. 0-0 Bxd5 19. Nd4 Qf6 20. Rac1 Qg6 21. g3 Qxd3 22. Rxc7 Qe4 23. f3 Qxe3+ 24. Kg2 Qxd4 25. Rxd7 Re2+ 26. Kh3 Be6+ 27. g4 Bxg4+ 28. fxg4 Qe3+ 29. Kh4 Rxh2# 0-1

[Event "CAN-ch U10"]
[Site "Windsor"]
[Date "2015.07.06"]
[Round "1.104"]
[White "Russo, Max"]
[Black "Ho, Hewitt"]
[Result "1-0"]
[WhiteElo "1445"]
[BlackElo "823"]
[PlyCount "111"]
[EventDate "2015.07.06"]
[EventType "swiss"]
[EventRounds "7"]
[EventCountry "CAN"]
[SourceTitle "EXT 2022"]
[Source "ChessBase"]
[SourceDate "2021.10.06"]
[SourceVersion "1"]
[SourceVersionDate "2021.10.06"]
[SourceQuality "1"]

1. e4 e5 2. Nf3 Nc6 3. d4 exd4 4. Bc4 Nge7 5. c3 g6 6. cxd4 Bg7 7. Nc3 0-0 8. Be3 d6 9. Qd2 Bg4 10. Bh6 Bxf3 11. gxf3 Re8 12. Bxg7 Kxg7 13. h4 d5 14. Bxd5 Nxd5 15. Nxd5 Qxd5 16. 0-0-0 Qxa2 17. Qc3 Qa5 18. Qb3 Qb4 19. Qe3 Qc4+ 20. Kb1 Rad8 21. h5 Rxd4 22. Rxd4 Nxd4 23. Rc1 Qb4 24. h6+ Kf8 25. Rxc7 Nf5 26. Qf4 Ne7 27. Qf6 Qe1+ 28. Ka2 Qa5+ 29. Kb1 Qe1+ 30. Rc1 Qxc1+ 31. Kxc1 Ng8 32. Qg7+ Ke7 33. Qxh7 Rc8+ 34. Kb1 Nf6 35. Qg7 Rg8 36. Qxg8 Nxg8 37. h7 Nf6 38. h8Q Nh5 39. f4 Ke6 40. Qe5+ Kd7 41. f5 f6 42. Qe6+ Kc7 43. fxg6 a6 44. Qf7+ Kb8 45. g7 Nxg7 46. Qxg7 Ka7 47. Qxf6 Kb8 48. e5 b5 49. e6 Kc8 50. e7 Kd7 51. Qf7 Kc7 52. e8R+ Kb6 53. Re6+ Ka5 54. Qc7+ Kb4 55. Re4+ Kb3 56. Qc2# 1-0